Simulácia tepelného manažmentu batériového modulu

Uložené v:
Podrobná bibliografia
Hlavný autor: Turčan, Maroš (Autor)
Ďalší autori: Gálik, Gabriel (Vedúci práce)
Médium: Rukopis Kniha
Jazyk:Slovak
Vydavateľské údaje: 2025
Predmet:
On-line prístup:http://is.stuba.sk/zp/portal_zp.pl?podrobnosti=184472
Tagy: Pridať tag
Žiadne tagy, Buďte prvý, kto otaguje tento záznam!

MARC

LEADER 00000ntm a22000003a 4500
001 stuzp103811
003 SK-STU
005 20250614212249.6
007 ta
008 150427s2015----xo-----f-mn---000-0-slo-d
040 |a STU  |b slo 
041 0 |a slo 
100 1 |a Turčan, Maroš  |u 030400  |4 aut  |U FEI Fakulta elektrotechniky a informatiky  |T FEI Ústav automobilovej mechatroniky  |X 104079  |U E400  |Y 642  |7 104079 
242 0 1 |a Simulation of battery module thermal management  |y eng 
245 1 0 |a Simulácia tepelného manažmentu batériového modulu 
260 |c 2025 
650 4 |a cell Molicel P45B  |2 eng 
650 4 |a ECM  |2 eng 
650 4 |a termal managment  |2 eng 
650 4 |a Ansys Fluent  |2 eng 
650 4 |a článok Molicel P45B  |2 slo 
650 4 |a ECM  |2 slo 
650 4 |a tepelný manažment  |2 slo 
650 4 |a Ansys Fluent  |2 slo 
700 1 |a Gálik, Gabriel  |u 030400  |k Z2  |4 ths  |U FEI Fakulta elektrotechniky a informatiky  |T FEI Ústav automobilovej mechatroniky  |X 55772  |U E400  |Y 642  |7 A000055772 
856 4 |u http://is.stuba.sk/zp/portal_zp.pl?podrobnosti=184472